00273 a2200121 450000100060000008200190000610000180002524500290004325000060007226000420007830000140012050000170013492075 a297.122092 SAJ aSajida Batool aKhwateen Ka Dars e Quran a1 aFaisalababbChishti Kutab Khanac2007 a568p.bHb aGeneral Book